Guide to astronomy (Record no. 25951)

MARC details
000 -LEADER
fixed length control field 00258nam a2200109Ia 4500
082 ## - DEWEY DECIMAL CLASSIFICATION NUMBER
Classification number 052
Item number MUI
100 ## - MAIN ENTRY--AUTHOR NAME
Personal name Muirden, James
245 #0 - TITLE STATEMENT
Title Guide to astronomy
260 ## - PUBLICATION, DISTRIBUTION, ETC. (IMPRINT)
Place of publication London
Name of publisher Pan books
Year of publication 1972
942 ## - ADDED ENTRY ELEMENTS (KOHA)
Koha item type Books
Holdings
Withdrawn status Lost status Damaged status Not for loan Home library Current library Date acquired Cost, normal purchase price Full call number Accession Number Koha item type
        RRII Library RRII Library 16/12/2021 40.00 052 MUI 06591 Books